000 00601nam a2200169 i 4500
001 164248
003 ES-MaACL
005 20230906212911.0
008 951113s1877 sp |||| | spa d
040 _aAS
_bspa
_cCCPB | SIC
100 1 _aSacristán y Martínez, Antonio.
_9132261
245 1 0 _aMunicipalidades de Castilla y León
_b: estudio histórico-crítico /
_cpor Antonio Sacristán y Martínez.
260 _aMadrid :
_b[s.n.],
_c1877 (
_fImprenta de los Señores Rojas)
300 _a555 p. ;
_c22 cm.
650 0 4 _aMunicipios-
_zEspaña.
_915357
852 _aES-MaACL
_jD-1716
_z-- Enc. hol.
999 _c164248
_d164248